Komparácia vybraných ekonomických nástrojov  na podporu podnikania v ČR a v SR diplomová práca

Saved in:
Bibliographic Details
Main Author: Šoltýsová, Michaela
Corporate Author: Fakulta podnikového manažmentu EU. Katedra podnikovohospodárska
Other Authors: Barteková, Mária, 1992-
Format: Book
Language:Slovak
Published: Bratislava 2019
Tags: Add Tag
No Tags, Be the first to tag this record!

MARC

LEADER 00000nbm a2200000 4500
001 0255570
005 20191126143449.7
041 0 |a slo 
044 |a SK 
245 1 0 |a Komparácia vybraných ekonomických nástrojov  na podporu podnikania v ČR a v SR  |b diplomová práca  |c Michaela Šoltýsová ; školiteľ: Mária Barteková 
264 1 |a Bratislava  |c 2019 
300 |a 70 s. 
100 1 |a Šoltýsová, Michaela 
700 1 |a Barteková, Mária, 1992- 
710 2 |a Fakulta podnikového manažmentu EU. Katedra podnikovohospodárska